| 000 | 00834cam a2200229 i 4500 | ||
|---|---|---|---|
| 001 | bg | ||
| 003 | KOSZ 005 | ||
| 005 | 20191008114848.0 | ||
| 008 | 950710s1976 pl a f |000 0 pol d | ||
| 040 |
_cKOSZ 005/HR _aKOSZ 005/HR _dKOSZ 005/HR |
||
| 080 | _a669.1 | ||
| 100 | 1 | 0 | _aBiałecki, Mieczysław. |
| 245 | 1 | 0 |
_aCharakterystyki stali. _nT. 2, _pStale stopowe do pracy na zimno / _cMieczysław Białecki. |
| 260 |
_aKatowice : _bWydawnictwo "Śląsk", _c1976. |
||
| 300 |
_a305, [3] s., [3] k. tabl. : _bil. ; _c24 cm. |
||
| 490 | 1 |
_aStale narzędziowe. _vSeria F |
|
| 650 | 4 | _aStal | |
| 710 | 2 |
_aWydawnictwo "Śląsk" _4pbl. |
|
| 830 | 0 |
_aStale narzędziowe. _pSeria F |
|
| 856 |
_uhttp://koha.tu.koszalin.pl/cgi-bin/koha/opac-detail.pl?biblionumber=9368 _yKatalog online BPK |
||
| 942 |
_cKS _2UKD |
||
| 999 |
_c9368 _d9368 |
||